| 000 | 01025cam a22003257a 4500 | ||
|---|---|---|---|
| 003 | CHAP | ||
| 005 | 20220329140253.0 | ||
| 008 | 971013s r 00010 d | ||
| 010 | _a49521 | ||
| 011 | _a50493 | ||
| 035 | _a54643 | ||
| 040 | _cCHAP | ||
| 090 | _aFolleto 6069 | ||
| 100 | 0 | 0 |
_aTorrejón y Boneta, Angel de. _9114027 |
| 245 | 1 | 3 | _aLa zulla; forraje meridional |
| 260 |
_a(s.l.) : _bCalpe, _c(s.a.) |
||
| 300 | _a32 p. | ||
| 490 | 0 |
_aCatecismos del agricultor y del ganadero _v; 61 |
|
| 590 |
_aBATCH-UPD _b10 _c20130110 _lUCH01 _h0502 |
||
| 590 |
_aBATCH-UPD _b10 _c20130110 _lUCH01 _h2247 |
||
| 590 |
_aBATCH-UPD _b10 _c20130410 _lUCH01 _h0139 |
||
| 590 |
_aBATCH-UPD _b10 _c20130914 _lUCH01 _h1604 |
||
| 590 |
_aCONVERSION _b10 _c20130109 _lUCH01 _h1327 |
||
| 650 | 1 | 4 |
_aHedysarum coronarium. _953304 |
| 650 | 1 | 4 |
_aPlantas forrajeras. _988943 |
| 830 | 0 |
_aCatecismos del agricultor y del ganadero _v; 61 _920499 |
|
| 901 | _aBK | ||
| 942 | _cFOLL | ||
| 949 |
_aFolleto 6069 _bBC _cFOLL _d-120432 _eTS1 _i54643 _mD _si |
||
| 999 |
_c49521 _d49521 |
||